<?xml version="1.0" encoding="UTF-8"?><marc:collection xmlns:marc="http://www.loc.gov/MARC21/slim">
  <marc:record>
    <marc:leader>00000nam  2200000zi 4500</marc:leader>
    <marc:controlfield tag="001">9.955565</marc:controlfield>
    <marc:controlfield tag="003">CaOODSP</marc:controlfield>
    <marc:controlfield tag="005">20250922103108</marc:controlfield>
    <marc:controlfield tag="006">m     o  d f      </marc:controlfield>
    <marc:controlfield tag="007">cr bn|||||||||</marc:controlfield>
    <marc:controlfield tag="008">250922e199806##quca    ob   f000 0 fre d</marc:controlfield>
    <marc:datafield tag="040" ind1=" " ind2=" ">
      <marc:subfield code="a">CaOODSP</marc:subfield>
      <marc:subfield code="b">fre</marc:subfield>
      <marc:subfield code="e">rda</marc:subfield>
      <marc:subfield code="c">CaOODSP</marc:subfield>
    </marc:datafield>
    <marc:datafield tag="043" ind1=" " ind2=" ">
      <marc:subfield code="a">n-cn-on</marc:subfield>
      <marc:subfield code="a">n-cn-qu</marc:subfield>
    </marc:datafield>
    <marc:datafield tag="086" ind1="1" ind2=" ">
      <marc:subfield code="a">En154-309/1998F-PDF</marc:subfield>
    </marc:datafield>
    <marc:datafield tag="100" ind1="1" ind2=" ">
      <marc:subfield code="a">Larose, Céline, </marc:subfield>
      <marc:subfield code="e">auteur.</marc:subfield>
    </marc:datafield>
    <marc:datafield tag="245" ind1="1" ind2="0">
      <marc:subfield code="a">Évaluation de la génétique des populations d'invertébrés benthiques du bassin versant des Grands Lacs et du Saint-Laurent au moyen de l'électrophorèse sur acétate de cellulose / </marc:subfield>
      <marc:subfield code="c">Céline Larose et Ian Hogg, Contamination du milieu aquatique.</marc:subfield>
    </marc:datafield>
    <marc:datafield tag="264" ind1=" " ind2="1">
      <marc:subfield code="a">[Montréal] : </marc:subfield>
      <marc:subfield code="b">Centre Saint-Laurent, Conservation de l'environnement, Environnement Canada, Région du Québec, </marc:subfield>
      <marc:subfield code="c">juin 1998.</marc:subfield>
    </marc:datafield>
    <marc:datafield tag="300" ind1=" " ind2=" ">
      <marc:subfield code="a">1 ressource en ligne (26 pages, 1 page non numérotée) : </marc:subfield>
      <marc:subfield code="b">illustrations</marc:subfield>
    </marc:datafield>
    <marc:datafield tag="336" ind1=" " ind2=" ">
      <marc:subfield code="a">texte</marc:subfield>
      <marc:subfield code="b">txt</marc:subfield>
      <marc:subfield code="2">rdacontent/fre</marc:subfield>
    </marc:datafield>
    <marc:datafield tag="337" ind1=" " ind2=" ">
      <marc:subfield code="a">informatique</marc:subfield>
      <marc:subfield code="b">c</marc:subfield>
      <marc:subfield code="2">rdamedia/fre</marc:subfield>
    </marc:datafield>
    <marc:datafield tag="338" ind1=" " ind2=" ">
      <marc:subfield code="a">ressource en ligne</marc:subfield>
      <marc:subfield code="b">cr</marc:subfield>
      <marc:subfield code="2">rdacarrier/fre</marc:subfield>
    </marc:datafield>
    <marc:datafield tag="500" ind1=" " ind2=" ">
      <marc:subfield code="a">Publié aussi en anglais sous le titre : Evaluating invertebrate population genetics in the Great Lakes-St. Lawrence River using cellulose acetate electrophoresis.</marc:subfield>
    </marc:datafield>
    <marc:datafield tag="500" ind1=" " ind2=" ">
      <marc:subfield code="a">Édition numérisée de l'imprimé [par Environnement et changement climatique Canada].</marc:subfield>
    </marc:datafield>
    <marc:datafield tag="504" ind1=" " ind2=" ">
      <marc:subfield code="a">Comprend des références bibliographiques (page [19]).</marc:subfield>
    </marc:datafield>
    <marc:datafield tag="520" ind1=" " ind2=" ">
      <marc:subfield code="a">« En écotoxicologie et en biologie de la conservation, il est essentiel de pouvoir distinguer avec exactitude les espèces ou les populations génétiquement différentes. Si l'importance de telles différences est reconnue et étudiée intensément dans le cas des vertébrés (par exemple, pour les stocks de poissons), on s'en préoccupe moins dans le cas des invertébrés benthiques d'eau douce. Il faut le déplorer car si de telles différences existent et qu'on n'en tient pas compte, l'interprétation des résultats peut s'en trouver considérablement faussée. Les problèmes rencontrés dans l'identification des espèces d'après leurs caractères morphologiques expliquent en partie cet état de choses. Heureusement, grâce au récent progrès des techniques moléculaires, les laboratoires participant à des études sur la biodiversité ou à des travaux d'écotoxicologie peuvent maintenant identifier des populations ou des espèces génétiquement distinctes. Le présent ouvrage porte sur l'emploi de l'électrophorèse pour identifier des populations d'invertébrés aquatiques. Les techniques décrites ici peuvent servir à l'étude d'autres taxons aquatiques ou terrestres. ... » -- Introduction, page [1].</marc:subfield>
    </marc:datafield>
    <marc:datafield tag="650" ind1=" " ind2="6">
      <marc:subfield code="a">Invertébrés d'eau douce</marc:subfield>
      <marc:subfield code="z">Grands Lacs, Bassin des (Amérique du Nord)</marc:subfield>
      <marc:subfield code="x">Identification.</marc:subfield>
    </marc:datafield>
    <marc:datafield tag="650" ind1=" " ind2="6">
      <marc:subfield code="a">Invertébrés d'eau douce</marc:subfield>
      <marc:subfield code="z">Saint-Laurent, Bassin du</marc:subfield>
      <marc:subfield code="x">Identification.</marc:subfield>
    </marc:datafield>
    <marc:datafield tag="650" ind1=" " ind2="6">
      <marc:subfield code="a">Invertébrés d'eau douce</marc:subfield>
      <marc:subfield code="z">Grands Lacs, Bassin des (Amérique du Nord)</marc:subfield>
      <marc:subfield code="x">Génétique.</marc:subfield>
    </marc:datafield>
    <marc:datafield tag="650" ind1=" " ind2="6">
      <marc:subfield code="a">Invertébrés d'eau douce</marc:subfield>
      <marc:subfield code="z">Saint-Laurent, Bassin du</marc:subfield>
      <marc:subfield code="x">Génétique.</marc:subfield>
    </marc:datafield>
    <marc:datafield tag="650" ind1=" " ind2="6">
      <marc:subfield code="a">Animaux</marc:subfield>
      <marc:subfield code="x">Populations</marc:subfield>
      <marc:subfield code="x">Génétique</marc:subfield>
      <marc:subfield code="z">Grands Lacs, Bassin des (Amérique du Nord)</marc:subfield>
    </marc:datafield>
    <marc:datafield tag="650" ind1=" " ind2="6">
      <marc:subfield code="a">Animaux</marc:subfield>
      <marc:subfield code="x">Populations</marc:subfield>
      <marc:subfield code="x">Génétique</marc:subfield>
      <marc:subfield code="z">Saint-Laurent, Bassin du.</marc:subfield>
    </marc:datafield>
    <marc:datafield tag="650" ind1=" " ind2="6">
      <marc:subfield code="a">Électrophorèse.</marc:subfield>
    </marc:datafield>
    <marc:datafield tag="710" ind1="2" ind2=" ">
      <marc:subfield code="a">Centre Saint-Laurent, </marc:subfield>
      <marc:subfield code="e">organisme de publication.</marc:subfield>
    </marc:datafield>
    <marc:datafield tag="775" ind1="0" ind2="8">
      <marc:subfield code="t">Evaluating invertebrate population genetics in the Great Lakes-St. Lawrence River using cellulose acetate electrophoresis / </marc:subfield>
      <marc:subfield code="w">(CaOODSP)9.933308</marc:subfield>
    </marc:datafield>
    <marc:datafield tag="856" ind1="4" ind2="0">
      <marc:subfield code="q">PDF</marc:subfield>
      <marc:subfield code="s">111 Ko</marc:subfield>
      <marc:subfield code="u">https://publications.gc.ca/collections/collection_2025/eccc/en154/En154-309-1998-fra.pdf</marc:subfield>
    </marc:datafield>
  </marc:record>
</marc:collection>
